| 000 | 00841cam a22002534a 4500 | ||
|---|---|---|---|
| 001 | 13983917 | ||
| 005 | 20250317121920.0 | ||
| 008 | 050526s2006 nju b 000 0 eng | ||
| 020 | _a0130995282 | ||
| 020 | _a9780130995285 | ||
| 050 | 0 | 0 |
_aHM586 _b.T46 2006 |
| 082 | 0 | 0 |
_a301 _222 |
| 100 | 1 | _aTepperman, Lorne. | |
| 245 | 1 | 0 |
_aThink twice! : _bsociology looks at current social issues / _cLorne Tepperman, Jenny Blain ; with the assistance of Jenny Hugh ... [et al.]. |
| 250 | _a2nd ed. | ||
| 260 |
_aUpper Saddle River, N.J. : _bPearson/Prentice Hall, _cc2006. |
||
| 300 |
_axii, 322 p. ; _c24 cm. |
||
| 650 | 0 | _aSociology. | |
| 650 | 0 | _aSocial problems. | |
| 700 | 1 | _aBlain, Jenny. | |
| 700 | 1 | _aHugh, Jenny. | |
| 856 | 4 | 1 |
_3Table of contents _uhttp://www.loc.gov/catdir/toc/ecip0513/2005014953.html |
| 942 |
_2lcc _cBK _e2nd Ed. _n0 |
||
| 999 |
_c4872 _d4872 |
||